[Event "GER-ch Seniors 50 31st"]
[Site "Radebeul"]
[Date "2019.04.27"]
[Round "2"]
[White "Wagner, Bernd1111"]
[Black "John, Bernd"]
[Result "1-0"]
[WhiteElo "1948"]
[BlackElo "1796"]
[PlyCount "49"]
[EventDate "2019.04.26"]
[EventType "swiss"]
[EventRounds "9"]
[EventCountry "GER"]
[SourceTitle "CBM 190 Extra"]
[Source "ChessBase"]
[SourceDate "2019.07.15"]
[SourceVersion "1"]
[SourceVersionDate "2019.07.15"]
[SourceQuality "1"]

1. d4 Nf6 2. Nf3 e6 3. Bf4 b6 4. e3 Bb7 5. Nbd2 Be7 6. Bd3 d6 7. Qe2 Nbd7 8. c3 Nh5 9. Bg3 Nxg3 10. hxg3 h6 11. e4 e5 12. dxe5 Nxe5 13. Nxe5 dxe5 14. 0-0-0 Bg5 15. Kb1 Qe7 16. Qg4 Qc5 17. f4 Bf6 18. Bc2 Bc8 19. Qe2 Be6 20. Ba4+ Ke7 21. f5 Bxa2+ 22. Kxa2 b5 23. Qxb5 Qxb5 24. Bxb5 Rhd8 25. Nc4 1-0

[Event "Schwaben-ch"]
[Site "Sonthofen"]
[Date "2013.11.03"]
[Round "6.4"]
[White "John, Bernd"]
[Black "Buhn, Reinhard"]
[Result "1/2-1/2"]
[WhiteElo "1504"]
[BlackElo "1555"]
[PlyCount "31"]
[EventDate "2013.11.01"]
[EventType "swiss"]
[EventRounds "6"]
[EventCountry "GER"]
[SourceTitle "EXT 2022"]
[Source "ChessBase"]
[SourceDate "2021.10.06"]
[SourceVersion "1"]
[SourceVersionDate "2021.10.06"]
[SourceQuality "1"]

1. c4 Nf6 2. g3 g6 3. Bg2 Bg7 4. Nc3 0-0 5. Nf3 d6 6. 0-0 e5 7. d3 Nc6 8. Bg5 h6 9. Bxf6 Bxf6 10. a3 Ne7 11. e4 c6 12. Rb1 Be6 13. Re1 Qd7 14. Rc1 Rad8 15. Qc2 Qc8 16. Qe2 1/2-1/2

[Event "Schwaben-ch"]
[Site "Sonthofen"]
[Date "2013.11.02"]
[Round "4.6"]
[White "Oertel, Juergen"]
[Black "John, Bernd"]
[Result "1/2-1/2"]
[WhiteElo "1467"]
[BlackElo "1504"]
[PlyCount "75"]
[EventDate "2013.11.01"]
[EventType "swiss"]
[EventRounds "6"]
[EventCountry "GER"]
[SourceTitle "EXT 2022"]
[Source "ChessBase"]
[SourceDate "2021.10.06"]
[SourceVersion "1"]
[SourceVersionDate "2021.10.06"]
[SourceQuality "1"]

1. d4 Nf6 2. c4 c5 3. e3 g6 4. Nc3 cxd4 5. exd4 Bg7 6. Nf3 0-0 7. Be3 d5 8. Qd2 Be6 9. Bh6 Nbd7 10. Bxg7 Kxg7 11. Ng5 Bf5 12. Bd3 Bxd3 13. Qxd3 dxc4 14. Qxc4 Nb6 15. Qd3 e5 16. 0-0-0 Ng4 17. Nge4 f5 18. Nc5 Qe7 19. Rd2 Rad8 20. Nb3 Qb4 21. d5 Nc4 22. Re2 Nf6 23. f3 a5 24. Rc2 b5 25. Nd2 Nxd2 26. Rxd2 Rc8 27. Kb1 Rc4 28. Rc1 Rfc8 29. Rdc2 a4 30. a3 Qa5 31. Na2 Rxc2 32. Rxc2 Rxc2 33. Kxc2 Qc7+ 34. Nc3 Qc5 35. Qxb5 Qxb5 36. Nxb5 Nxd5 37. Kd3 Kf6 38. g3 1/2-1/2